Reflexiones sobre las causas de la libertad y de la opresión social

Saved in:
Bibliographic Details
Main Author: Weil, Simone (Author)
Format: Book
Language:Spanish
Published: Buenos Aires Ediciones Godot 2014
Edition:1a. ed
Series:Colección Exhumaciones
Subjects:
Tags: Add Tag
No Tags, Be the first to tag this record!

MARC

LEADER 00000cam a2200000 a 4500
001 UCE1640
003 CL-VaPUC
008 140508e20140000ag |||||||||||||||||spa|d
020 |a 9789871489749 
082 0 4 |a 323.44  |b WEI  |2 21 
100 0 |a Weil, Simone  |e author  |9 441906 
245 1 0 |a Reflexiones sobre las causas de la libertad y de la opresión social 
250 |a 1a. ed 
300 |a 107 p 
942 |c BK 
945 |d 20140508 16:03:00  |a dcastane 
260 |a Buenos Aires  |b Ediciones Godot  |c 2014 
650 0 |a Ciencias Políticas  |9 255201 
650 0 |a Libertad  |9 255686 
650 0 |a Opresión   |9 349344 
650 7 |a MARXISMO  |2 CL-VaPUC  |9 574001 
650 0 |a Psicología social   |9 222894 
583 |a last modification  |c 20171123 11:04:56  |k Rodrigo Vera 
490 0 |a Colección Exhumaciones 
999 |c 355380  |d 355378 
952 |0 0  |1 0  |3 erb  |4 0  |6 323_440000000000000_WEI_2014  |7 0  |8 A  |9 462085  |a BIBEDU  |b BIBEDU  |i 5074479  |o 323.44 WEI 2014  |p 5074479  |r 2019-11-23  |w 2019-11-23  |y BK  |z Catalogado en:20140508  |k FIL